Východoázijská oblasť slobodného obchodu diplomová práca

Na minha lista:
Detalhes bibliográficos
Autor principal: Furdová, Michaela
Autor Corporativo: Obchodná fakulta EU. Katedra medzinárodného obchodu
Outros Autores: Kosír, Igor
Formato: Livro
Idioma:eslovaco
Publicado em: Bratislava 2008
Tags: Adicionar Tag
Sem tags, seja o primeiro a adicionar uma tag!

MARC

LEADER 00000nam$a2200000$$$4500
001 0086063
005 20240201120738.8
041 0 |a slo 
044 |a SK 
245 1 0 |a Východoázijská oblasť slobodného obchodu  |b diplomová práca  |c Michaela Furdová ; škol. Igor Kosír 
264 1 |a Bratislava  |c 2008 
300 |a 95 s. 
100 1 |a Furdová, Michaela 
700 1 |a Kosír, Igor 
710 2 |a Obchodná fakulta EU. Katedra medzinárodného obchodu